Rubber establishment in the new area(North and Northeast Thailand) by using the rubber production potential models and geo-informatics system (Record no. 67576)

MARC details
000 -LEADER
fixed length control field 00612nam a2200157Ia 4500
100 ## - MAIN ENTRY--AUTHOR NAME
Personal name Pratummintra Somjate
245 #0 - TITLE STATEMENT
Title Rubber establishment in the new area(North and Northeast Thailand) by using the rubber production potential models and geo-informatics system
260 ## - PUBLICATION, DISTRIBUTION, ETC. (IMPRINT)
Name of publisher IRRDB Symposium: Challenges for Natural Rubber in Globalization, 15-17 September 2003, Ching Mai, Thailand
650 ## - SUBJECT ADDED ENTRY--TOPICAL TERM
Topical Term Crop model
650 ## - SUBJECT ADDED ENTRY--TOPICAL TERM
Topical Term Geo-informatics system
650 ## - SUBJECT ADDED ENTRY--TOPICAL TERM
Topical Term Rubber production
700 ## - ADDED ENTRY--PERSONAL NAME
Personal name Kesawapitak Prasart
700 ## - ADDED ENTRY--PERSONAL NAME
Personal name Romyen Prapart
942 ## - ADDED ENTRY ELEMENTS (KOHA)
Koha item type Journals
Holdings
Withdrawn status Lost status Damaged status Not for loan Home library Current library Shelving location Date acquired Koha item type
      Journals RRII Library RRII Library Agricultural economics 17/12/2021 Journals